000 00522 a2200169 4500
020 _a978-81-265-2423-5
041 _aEng
082 _a546.3
_bC245m
100 _aCarter, Robert L.
245 _aMolecular symmetry and group theory .
260 _aNew Delhi:
_bJohn wiley & Sons,
_c2005
300 _ax, 299p. illus.
650 _aSymmetric
_aMolecules
_aTechniques
_aCombinations
653 _aOrganic Chemistry
654 _aLinear molecules
_aVonratopma; spectroscopy
_aTransition metal camplexes
942 _2ddc
_cGEN
999 _c68885
_d68871